The Beautiful India: (Record no. 160650)
[ view plain ]
| 000 -LEADER | |
|---|---|
| fixed length control field | 00468nam a22001697a 4500 |
| 005 - DATE AND TIME OF LATEST TRANSACTION | |
| control field | 20190207124506.0 |
| 010 ## - LCCN (DPL NO) | |
| LC control number | B-217090 |
| 020 ## - INTERNATIONAL STANDARD BOOK NUMBER | |
| International Standard Book Number | 818858374X |
| Terms of availability | 550.00 |
| 035 ## - SYSTEM CONTROL NUMBER | |
| System control number | B-217090 |
| 037 ## - SOURCE OF ACQUISITION | |
| Source of stock number/acquisition | Reference Press |
| 082 ## - DEWEY DECIMAL CLASSIFICATION NUMBER | |
| Classification number | 954.36 |
| 245 ## - TITLE STATEMENT | |
| Title | The Beautiful India: |
| Remainder of title | Andaman and Nicobar / |
| Statement of responsibility, etc | S.A. Rahman |
| 260 ## - PUBLICATION, DISTRIBUTION, ETC. (IMPRINT) | |
| Place of publication, distribution, etc | New Delhi |
| Name of publisher, distributor, etc | Reference Press |
| Date of publication, distribution, etc | 2005 |
| 300 ## - PHYSICAL DESCRIPTION | |
| Extent | 245p. |
| Dimensions | 22cm(hbk) |
| 700 ## - ADDED ENTRY--PERSONAL NAME | |
| Personal name | Rahman, R.A. |
| 942 ## - ADDED ENTRY ELEMENTS (KOHA) | |
| Source of classification or shelving scheme | Dewey Decimal Classification |
| Item type | English Books |
| Classification part | 954.36 |
| Call number suffix | AND |
| Withdrawn status | Lost status | Not for loan | Collection code | Home library | Current library | Date acquired | Full call number | Barcode | Koha item type |
|---|---|---|---|---|---|---|---|---|---|
| Non-fiction | Sarojini Nagar | Sarojini Nagar | 07/02/2019 | 954.36 AND | B-217633 | English Books |
